<?xml version="1.0" encoding="UTF-8"?>
<record
    xmlns:xsi="http://www.w3.org/2001/XMLSchema-instance"
    xsi:schemaLocation="http://www.loc.gov/MARC21/slim http://www.loc.gov/standards/marcxml/schema/MARC21slim.xsd"
    xmlns="http://www.loc.gov/MARC21/slim">

  <leader>02201nam a22003737a 4500</leader>
  <controlfield tag="003">OSt</controlfield>
  <controlfield tag="005">20260513141204.0</controlfield>
  <controlfield tag="008">260513b        |||||||| |||| 00| 0 aze d</controlfield>
  <datafield tag="040" ind1=" " ind2=" ">
    <subfield code="a">AZ-XaKU</subfield>
    <subfield code="b">aze</subfield>
    <subfield code="c">AZ-XaKU</subfield>
  </datafield>
  <datafield tag="041" ind1="0" ind2=" ">
    <subfield code="a">aze</subfield>
  </datafield>
  <datafield tag="050" ind1="1" ind2="4">
    <subfield code="a">MT50 .SE94 .C8178 2015</subfield>
  </datafield>
  <datafield tag="100" ind1="1" ind2=" ">
    <subfield code="a">Seyidov, T&#x259;rlan,</subfield>
    <subfield code="c">professor, s&#x259;n&#x259;&#x15F;&#xFC;nasl&#x131; &#xFC;zr&#x259; elml&#x259;r doktoru</subfield>
    <subfield code="d">1943 - ;</subfield>
    <subfield code="e">m&#xFC;&#x259;llif</subfield>
  </datafield>
  <datafield tag="245" ind1="1" ind2="0">
    <subfield code="a">Az&#x259;rbaycan ladlar&#x131;n&#x131;n t&#x259;drisin&#x259; dair m&#xFC;nt&#x259;x&#x259;bat</subfield>
    <subfield code="b">II hiss&#x259;: Az&#x259;rbaycan b&#x259;st&#x259;karlar&#x131;n&#x131;n &#x259;s&#x259;rl&#x259;rind&#x259;n par&#xE7;alar (opera v&#x259; musiqili komediyalar)</subfield>
    <subfield code="c">/ T&#x259;rlan Seyidov</subfield>
  </datafield>
  <datafield tag="250" ind1=" " ind2=" ">
    <subfield code="a">2-ci hiss&#x259;</subfield>
  </datafield>
  <datafield tag="264" ind1=" " ind2=" ">
    <subfield code="a">Bak&#x131;:</subfield>
    <subfield code="b">&#x15E;&#x259;rq-Q&#x259;rb,</subfield>
    <subfield code="c">2015.</subfield>
  </datafield>
  <datafield tag="300" ind1=" " ind2=" ">
    <subfield code="a">120 s&#x259;hif&#x259; ;</subfield>
    <subfield code="b">notlar ;</subfield>
    <subfield code="c">28.5 sm.</subfield>
  </datafield>
  <datafield tag="336" ind1=" " ind2=" ">
    <subfield code="a">text</subfield>
    <subfield code="b">txt</subfield>
    <subfield code="2">rdacontent</subfield>
  </datafield>
  <datafield tag="337" ind1=" " ind2=" ">
    <subfield code="a">unmediated</subfield>
    <subfield code="b">n</subfield>
    <subfield code="2">rdamedia</subfield>
  </datafield>
  <datafield tag="338" ind1=" " ind2=" ">
    <subfield code="a">volume </subfield>
    <subfield code="b">nc</subfield>
    <subfield code="2">rdacarrier</subfield>
  </datafield>
  <datafield tag="504" ind1=" " ind2=" ">
    <subfield code="a">Biblioqrafiya: s&#x259;h. 114-116</subfield>
  </datafield>
  <datafield tag="505" ind1="0" ind2=" ">
    <subfield code="a">Rast -- &#x15E;ur -- Segah -- &#x15E;&#xFC;&#x15F;t&#x259;r -- &#xC7;ahargah --Bayat&#x131;-&#x15F;iraz -- H&#xFC;mayun</subfield>
  </datafield>
  <datafield tag="520" ind1=" " ind2=" ">
    <subfield code="a">D&#x259;rs v&#x259;saitiAz&#x259;rbaycan Respublikas&#x131;n&#x131;n M&#x259;d&#x259;niyy&#x259;t v&#x259; Turizm Nazirliyi t&#x259;r&#x259;find&#x259;n n&#x259;&#x15F;r olunan F&#x259;rhad B&#x259;d&#x259;lb&#x259;ylinin v&#x259; T&#x259;rlan Seyidovun t&#x259;rtib etdikl&#x259;ri "&#xDC;zeyirhac&#x131;b&#x259;ylinin elmisistemi &#x259;sas&#x131;nda milli lad t&#x259;f&#x259;kk&#xFC;r&#xFC;n&#xFC;n inki&#x15F;af&#x131; Proqram&#x131;" (Bak&#x131;, 2012) &#x259;sas&#x131;nda haz&#x131;rlan&#x131;b. &#x15E;agirdl&#x259;r &#xFC;&#xE7;&#xFC;n t&#x259;qdim olunan &#xE7;oxcildli d&#x259;rs v&#x259;saitind&#x259; Az&#x259;rbaycan xalq v&#x259; profesional musiqisi ilk d&#x259;f&#x259; lad c&#x259;h&#x259;td&#x259;n sisteml&#x259;&#x15F;m&#x259;y&#x259; m&#x259;ruz qal&#x131;r: t&#x259;hlil olunan v&#x259; t&#x259;dris &#xFC;&#xE7;&#xFC;n se&#xE7;il&#x259;n musiqi janrlar&#x131;na aid n&#xFC;mun&#x259;l&#x259;r yeddi &#x259;sas milli lada uy&#x11F;un s&#x259;ciyy&#x259;l&#x259;nib. D&#x259;rs v&#x259;saiti &#xDC;zeyir Hac&#x131;b&#x259;yli ad&#x131;na Bak&#x131; Musiqi Akademiyas&#x131;n&#x131;n elmi-eksperimental bazas&#x131; olan Orta ixstisasla&#x15F;d&#x131;r&#x131;lm&#x131;&#x15F; musiqi m&#x259;kt&#x259;b-studiyas&#x131;nda haz&#x131;rlan&#x131;b.</subfield>
  </datafield>
  <datafield tag="521" ind1=" " ind2=" ">
    <subfield code="a">Musiqi t&#x259;drisi m&#xFC;&#x259;ssis&#x259;l&#x259;ri &#xFC;&#xE7;&#xFC;n</subfield>
  </datafield>
  <datafield tag="650" ind1=" " ind2="7">
    <subfield code="2">AZ-XaKU</subfield>
    <subfield code="a">Musiqi&#x15F;&#xFC;nasl&#x131;q</subfield>
  </datafield>
  <datafield tag="655" ind1=" " ind2=" ">
    <subfield code="a">d&#x259;rs v&#x259;saiti</subfield>
  </datafield>
  <datafield tag="700" ind1="1" ind2=" ">
    <subfield code="a">H&#x259;s&#x259;nova, C&#x259;mil&#x259;,</subfield>
    <subfield code="e">m&#xFC;&#x259;llif</subfield>
  </datafield>
  <datafield tag="700" ind1="1" ind2=" ">
    <subfield code="a">&#x130;brahimova, Ayt&#x259;n,</subfield>
    <subfield code="e">m&#xFC;&#x259;llif</subfield>
  </datafield>
  <datafield tag="700" ind1="1" ind2=" ">
    <subfield code="a">B&#x259;d&#x259;lb&#x259;yli, F&#x259;rhad,</subfield>
    <subfield code="e">elmi redaktor</subfield>
  </datafield>
  <datafield tag="700" ind1="1" ind2=" ">
    <subfield code="a">Z&#xF6;hrabova, leyla,</subfield>
    <subfield code="e">redaktor</subfield>
  </datafield>
  <datafield tag="700" ind1="1" ind2=" ">
    <subfield code="a">M&#x259;likov, Arif,</subfield>
    <subfield code="e">r&#x259;y&#xE7;i</subfield>
  </datafield>
  <datafield tag="700" ind1="1" ind2=" ">
    <subfield code="a">Z&#xF6;hrabov, Ramiz,</subfield>
    <subfield code="e">r&#x259;y&#xE7;i</subfield>
  </datafield>
  <datafield tag="942" ind1=" " ind2=" ">
    <subfield code="c">BOOK</subfield>
  </datafield>
  <datafield tag="999" ind1=" " ind2=" ">
    <subfield code="c">457</subfield>
    <subfield code="d">457</subfield>
  </datafield>
</record>
